000 00646nam a2200193Ia 4500
003 GCL
008 140319s9999 xx 000 0 ara d
040 _aGCL /
_cGCL
082 0 4 _a813.01
_bس ق
100 1 _aمحمد مصطفى هدارة
245 1 0 _aقطار الظهيرة : قصص قصيرة /
_cمحمد مصطفى هدارة
700 1 _aسمير يوسف حكيم
260 _a[S.N] :
_bالهيئة المصرية العامة للكتاب ،
_c1994
300 _a165 ص
490 _aاشراقات ادبية
_v0
650 0 4 _aالادب العربى
650 0 4 _aالقصص العربية القصيرة
942 _2ddc
_cBK
999 _c33408
_d33408